Star Trek: Cloaking Tech - Statistics

General Stats
  • This quiz has been taken 7 times
  • The average score is 7 of 11
Answer Stats
Hint Answer % Correct
This Federation ship conducted a secret test of a phasing cloaking device. Pegasus
86%
The Federation obtained a cloaking device in exchange for intelligence on the Dominion from what government? Romulan Star Empire
86%
This treaty prohibited the development or use of cloaking device technology by the Federation. Algeron
71%
The Klingons gave thirty class-4 cloaking devices to this group Maquis
71%
The Federation utilized cloaking technology to hide several of these during the Dominion War. mines
71%
During "The Enterprise Incident" this Romulan looking crew member was able to steal a cloaking device. Captain Kirk
57%
The Srivani used cloaking technology to secretly perform medical experiments on the crew of this ship. Voyager
57%
This group illegally constructed a ship with a Romulan cloaking device in order to attack the Founders. Obsidian Order
57%
This race's cloaking technology had been given to them by an ambiguous donor from the 28th century. Suliban
57%
A prototype Klingon Bird-of-Prey commanded by General Chang was equipped with a cloaking device that allowed what unique ability? Fire while cloaked
43%
What crashed ship was difficult to find on earth because the cloaking device reactivated? HMS Bounty
43%
No matching quizzes found
Score Distribution
Percent of People with Each Score
Percentile by Number Answered
Your Score History
You have not taken this quiz